| 000 | 00616nam a22002297a 4500 | ||
|---|---|---|---|
| 001 | 47981 | ||
| 003 | BD-RjUL | ||
| 005 | 20211209054433.0 | ||
| 008 | 160811s2000 ii ||||| |||| 001 0 ben d | ||
| 020 | _a8171569080 | ||
| 035 | _a(BD-RjUL)48100 | ||
| 040 |
_aBD-RjUL _beng _cBD-RjUL _dBD-RjUL |
||
| 041 | _aeng | ||
| 082 |
_223 _a320.3 _bJAC 2000 |
||
| 100 |
_aJayapalan, N. _9118538 |
||
| 245 |
_aComparative governments / _cN. Jayapalan |
||
| 260 |
_aNew Delhi : _bAtlantic Publ., _cc2000 |
||
| 300 |
_a140p.; _c22 cm. |
||
| 500 | _aincludes index | ||
| 650 |
_aComparative government _9145552 |
||
| 942 |
_2ddc _cBK |
||
| 999 |
_c47981 _d47981 |
||